| 000 | 00902nam a2200253 a 4500 | ||
|---|---|---|---|
| 001 | 24356 | ||
| 003 | UkOxU | ||
| 005 | 20211209001036.0 | ||
| 008 | 140313s1962 enk 000 0 eng d | ||
| 035 | _a(BD-RjUL) 24422 | ||
| 040 |
_aBD-RjUL _beng _cBD-RjUL |
||
| 041 | 1 | _aengund | |
| 082 | 0 | 0 |
_a937.1 _bHOR 1962 |
| 100 | 1 |
_aHomo, Léon, _d1872-1957. _974985 |
|
| 245 | 1 | 0 |
_aRoman political institutions : _bfrom city to state / _cby Léon Homo ; [translated by M.R. Dobie] |
| 260 |
_aLondon : _bRoutledge & Kegan Paul Ltd, _cc1962 |
||
| 300 |
_axviii, 426 p. ; _c25 cm. |
||
| 490 | 1 | _aHistory of civilization (Routledge (Firm)) | |
| 500 | _a"Translated by M.R. Dobie." - t.p. verso. | ||
| 504 | _aBibliography: p. 375-383; supplementary bibliography:p. 405-426. | ||
| 651 | 0 |
_aRome _xPolitics and government. _974986 |
|
| 830 | 0 |
_aHistory of civilization (Routledge (Firm)) _974988 |
|
| 942 |
_2ddc _cBK |
||
| 999 |
_c24356 _d24356 |
||